000 00978nas a2200301 4500
001 BR2019001733
003 BR-BrBNA
005 20231205131951.0
007 ta
008 230509b bl.|||p| |||| 00| 00por d
040 _aBR-BrBNA
_bpor
_cBiblioteca Nacional de Agricultura
041 _a(Pt)
072 _aH20; F30
100 1 _aSilveira, A.L. da
100 1 _aStracieri, J.
100 1 _aPereira, F.D.
100 1 _aSouza, A.
100 1 _aGoes, a. de
245 1 _aCaracterização molecular de isolados de Colletotrichum spp. associados a podridão floral dos citros
650 _aCITRICULTURA
650 _aDOENÇA FÚNGICA
650 _aPATÓGENO
650 _aMARCADOR MOLECULAR
773 0 _tRevista Brasileira de Fruticultura (Brazil)
_xISSN 1806-9967
_g(Jan-Feb 2016), v. 38(1) p. 64-71
_wBR2019001733
856 4 0 _uhttp://www.scielo.br/pdf/rbf/v38n1/0100-2945-rbf-38-1-64.pdf
909 _a202311
_bLúcia
_c55
_dLúcia Elande
942 _2AGRIS
_n0
_cANA
999 _c257729
_d257729